| 000 | 00956nam a22002777a 4500 | ||
|---|---|---|---|
| 003 | CHAP | ||
| 005 | 20220329135654.0 | ||
| 008 | 971013s r 00010 d | ||
| 010 | _a40290 | ||
| 011 | _a41262 | ||
| 035 | _a45388 | ||
| 040 | _cCHAP | ||
| 090 | _aR-2262 | ||
| 100 | 0 | 0 |
_aMoreno, Raúl A. _978754 |
| 245 | _aEfecto de diferentes sistema de cultivo sobre la severidad de la mancha angular del frijol Phaseolus vulgaris L. causada por Isariopsis grseola Sacc | ||
| 500 | _aSobretiro de: Agronomía Costarricence 1(1): 39-48, 1977 | ||
| 590 |
_aBATCH-UPD _b10 _c20130110 _lUCH01 _h2202 |
||
| 590 |
_aBATCH-UPD _b10 _c20130410 _lUCH01 _h1509 |
||
| 590 |
_aBATCH-UPD _b10 _c20130914 _lUCH01 _h1441 |
||
| 590 |
_aCONVERSION _b10 _c20130109 _lUCH01 _h1322 |
||
| 650 | 1 | 4 |
_aFrijol _xEnfermedades por hongos. _943369 |
| 650 | 1 | 4 |
_aMancha angular de la hoja. _970294 |
| 901 | _aBK | ||
| 942 | _cREIMP | ||
| 949 |
_aR-2262 _bBC _cR _d-103663 _eTS1 _i45388 _si |
||
| 999 |
_c40290 _d40290 |
||